<?xml version="1.0" encoding="UTF-8"?>
<record
    xmlns:xsi="http://www.w3.org/2001/XMLSchema-instance"
    xsi:schemaLocation="http://www.loc.gov/MARC21/slim http://www.loc.gov/standards/marcxml/schema/MARC21slim.xsd"
    xmlns="http://www.loc.gov/MARC21/slim">

  <leader>00909nam a2200229Ia 4500</leader>
  <controlfield tag="003">IN-BaIIA</controlfield>
  <controlfield tag="008">211028s9999    xx            000 0 eng d</controlfield>
  <datafield tag="020" ind1=" " ind2=" ">
    <subfield code="a">0-7354-0131-4</subfield>
  </datafield>
  <datafield tag="040" ind1=" " ind2=" ">
    <subfield code="c">IIA Library</subfield>
  </datafield>
  <datafield tag="080" ind1=" " ind2=" ">
    <subfield code="a">524.834(082.2)</subfield>
    <subfield code="b">COS</subfield>
  </datafield>
  <datafield tag="111" ind1=" " ind2=" ">
    <subfield code="a">Brazilian School of Cosmology and Gravitation</subfield>
    <subfield code="c">Brazil</subfield>
    <subfield code="d">2002 July 29 - Aug. 9</subfield>
    <subfield code="9">28632</subfield>
  </datafield>
  <datafield tag="245" ind1=" " ind2="0">
    <subfield code="a">Cosmology and gravitation</subfield>
    <subfield code="b">Xth Brazilian school of cosmology and gravitation held in Mangaratiba, Brazil, 29 July - 9 Aug 2002</subfield>
    <subfield code="c">edited by M. Novello and S. E. P. Bergliaff                                           </subfield>
  </datafield>
  <datafield tag="260" ind1=" " ind2=" ">
    <subfield code="a">New York</subfield>
    <subfield code="b">American Institute of Physics</subfield>
    <subfield code="c">2003</subfield>
  </datafield>
  <datafield tag="300" ind1=" " ind2=" ">
    <subfield code="a">x, 305p.</subfield>
  </datafield>
  <datafield tag="490" ind1=" " ind2=" ">
    <subfield code="a">AIP conference proceedings; v. 668</subfield>
  </datafield>
  <datafield tag="650" ind1=" " ind2=" ">
    <subfield code="a">Cosmology</subfield>
  </datafield>
  <datafield tag="650" ind1=" " ind2=" ">
    <subfield code="a">Gravitation</subfield>
  </datafield>
  <datafield tag="700" ind1=" " ind2=" ">
    <subfield code="a">Bergliaff, S. E. P., ed.</subfield>
    <subfield code="9">28633</subfield>
  </datafield>
  <datafield tag="700" ind1=" " ind2=" ">
    <subfield code="a">Novello, M., ed.</subfield>
    <subfield code="9">28634</subfield>
  </datafield>
  <datafield tag="710" ind1=" " ind2=" ">
    <subfield code="a">American Institute of Physics    </subfield>
    <subfield code="9">2416</subfield>
  </datafield>
  <datafield tag="942" ind1=" " ind2=" ">
    <subfield code="c">BK</subfield>
  </datafield>
  <datafield tag="999" ind1=" " ind2=" ">
    <subfield code="c">15519</subfield>
    <subfield code="d">15519</subfield>
  </datafield>
  <datafield tag="952" ind1=" " ind2=" ">
    <subfield code="0">0</subfield>
    <subfield code="1">0</subfield>
    <subfield code="4">0</subfield>
    <subfield code="7">0</subfield>
    <subfield code="a">BAN</subfield>
    <subfield code="b">BAN</subfield>
    <subfield code="c">GEN</subfield>
    <subfield code="d">2003-11-22</subfield>
    <subfield code="e">SV    </subfield>
    <subfield code="g">11880.75</subfield>
    <subfield code="l">0</subfield>
    <subfield code="o">524.834(082.2)/ COS</subfield>
    <subfield code="p">16441</subfield>
    <subfield code="r">2021-11-05</subfield>
    <subfield code="v">11880.75</subfield>
    <subfield code="w">2003-11-22</subfield>
    <subfield code="y">BK</subfield>
    <subfield code="G">Rs. 11880.75  </subfield>
  </datafield>
</record>
